000 00544nam a2200169Ia 4500
008 090123s9999 xx 000 0 und d
082 _b9227
100 _aसंजीवमुर्ती बी.एच.
245 _aस्वप्न सुंदरी
250 _a1
300 _a91
600 _aसंजीवमुर्ती बी.एच.
630 _aस्वप्न सुंदरी
700 _aसंजीवमुर्ती बी.एच.
730 _aस्वप्न सुंदरी
942 _cBOOK
999 _c47292
_d47292